Thomas and Friends - Season 6 Episodes - Statistics

General Stats
  • This quiz has been taken 18 times
  • The average score is 15 of 26
Answer Stats
Episode # Episode Title % Correct
20 Toby Had a Little Lamb
83%
10 Twin Trouble
83%
8 A Friend in Need
67%
19 Buffer Bother
67%
23 Edward the Very Useful Engine
67%
5 Elizabeth the Vintage Lorry
67%
17 Gordon Takes a Tumble
67%
2 Harvey to the Rescue
67%
7 Jack Jumps In
67%
15 James and the Red Balloon
67%
14 Middle Engine
67%
3 No Sleep for Cranky
67%
18 Percy's Chocolate Crunch
67%
1 Salty's Secret
67%
22 Thomas the Jet Engine
67%
24 Dunkin' Duncan
50%
26 Faulty Whistles
50%
9 It's Only Snow
50%
16 Jack Frost
50%
25 Rusty Saves the Day
50%
12 Scaredy Engines
50%
6 The Fogman
50%
11 The World's Strongest Engine
50%
4 A Bad Day for Harold the Helicopter
33%
13 Percy and the Haunted Mine
33%
21 Thomas, Percy and the Squeak
33%
No matching quizzes found
Score Distribution
Percent of People with Each Score
Percentile by Number Answered
Your Score History
You have not taken this quiz